Topology
Сохранить в:
| Главный автор: | |
|---|---|
| Формат: | |
| Язык: | английский |
| Опубликовано: |
Edimburgo
Oliver & Boyd
1959
|
| Редактирование: | 2a. ed |
| Серии: | University Mathematical Texts
|
| Предметы: | |
| Метки: |
Добавить метку
Нет меток, Требуется 1-ая метка записи!
|
MARC
| LEADER | 00000nam a2200000 a 4500 | ||
|---|---|---|---|
| 001 | UCQ9498 | ||
| 003 | CL-VaPUC | ||
| 008 | 990112e19590000uk |||||||||||||||||eng|d | ||
| 082 | 0 | 4 | |a 514 |b PAT |2 21 |
| 100 | |a Patterson, E. M. |q (Edward M'William) |e author |9 424081 | ||
| 245 | 1 | 0 | |a Topology |
| 250 | |a 2a. ed | ||
| 300 | |a 128 p | ||
| 942 | |c BK | ||
| 945 | |d 19990112 00:00:00 |a crobeson | ||
| 260 | |a Edimburgo |b Oliver & Boyd |c 1959 | ||
| 650 | 0 | |a Topología |9 260092 | |
| 650 | 0 | |a Espacios topológicos |9 360015 | |
| 650 | 7 | |a TEORIA DE LA HOMOTOPIA |2 CL-VaPUC |9 424082 | |
| 650 | 7 | |a TEORIA DE LA HOMOLOGIA |2 CL-VaPUC |9 422809 | |
| 583 | |a last modification |c 20171130 01:47:55 |k Rodrigo Vera | ||
| 490 | 0 | |a University Mathematical Texts | |
| 999 | |c 278498 |d 278496 | ||
| 952 | |0 0 |1 0 |4 0 |6 514_000000000000000_PAT_1959 |7 0 |8 A |9 317082 |a BIBMAT |b BIBMAT |d 2019-11-20 |i 1315323 |o 514 PAT 1959 |p 1315323 |r 2025-01-07 |w 2019-11-20 |y BK |k MAT | ||
| 952 | |0 0 |1 0 |4 0 |6 514_000000000000000_PAT_1959 |7 0 |8 A |9 317083 |a BIBCUR |b BIBCUR |d 2019-11-20 |i 4542606 |l 2 |m 3 |o 514 PAT 1959 |p 4542606 |r 2025-04-22 |s 2024-04-01 |w 2019-11-20 |y BK |k FIS | ||